Państwa według rankingu PISA - Statystyki

Ogólne statystyki
  • Ten quiz został rozwiązany 46 razy
  • Średni wynik to 22 z 30
Statystyki odpowiedzi
Rank. Państwo
Przedmiot
% Poprawnych
8 Polska
95%
10 Polska
95%
8 Polska
95%
4 Japonia
93%
5 Japonia
93%
1 Chiny Matematyka
90%
1 Chiny Przyroda
90%
1 Chiny Czytanie
90%
5 Korea Południowa
90%
7 Korea Południowa
90%
7 Korea Południowa
90%
9 Szwecja
88%
6 Finlandia
81%
5 Finlandia
81%
10 Kanada
76%
4 Kanada
76%
8 Kanada
76%
9 Szwajcaria
74%
7 Holandia
71%
6 Irlandia
62%
10 Nowa Zelandia
60%
3 Tajwan
52%
9 Tajwan
52%
2 Singapur
50%
2 Singapur
50%
2 Singapur
50%
6 Estonia
45%
4 Estonia
45%
3 Estonia
45%
3 Wietnam
40%
Nie znaleziono quizów pasujących do podanych kryteriów
Rozkład punktacji
Procent ludzi z każdym wynikiem
Percentyl według liczby udzielonych odpowiedzi
Twoja historia wyników
Nie rozwiązałeś tego quizu